LEADER 00831nam0-22003011i-450- 001 990000499940403321 005 20080310123336.0 035 $a000049994 035 $aFED01000049994 035 $a(Aleph)000049994FED01 035 $a000049994 100 $a20020821d1960----km-y0itay50------ba 101 0 $aeng 105 $aa-------001yy 200 1 $a<>introduction to electrotechnology$fS. J. kowalski 210 $aLondon$cChapman and Hall$d1960 215 $a301 p.$cill.$d23 cm 610 0 $aElettricità 610 0 $aCircuiti elettrici 676 $a537 700 1$aKowalski,$bStefan J.$014629 801 0$aIT$bUNINA$gRICA$2UNIMARC 901 $aBK 912 $a990000499940403321 952 $a10 C I 172$b4940$fDINEL 959 $aDINEL 996 $aIntroduction to electrotechnology$9119382 997 $aUNINA LEADER 01236nam--2200373---450- 001 990003385740203316 005 20100409154520.0 010 $a978-88-85333-88-8 035 $a000338574 035 $aUSA01000338574 035 $a(ALEPH)000338574USA01 035 $a000338574 100 $a20100409d2008----km-y0itay50------ba 101 $aita 102 $aIT 105 $a||||||||001yy 200 1 $a<> misurazione dell'efficacia e dell'efficienza dei processi formativi nelle amministrazioni pubbliche$ecriticità attuali e prospettive future$fVincenzo Sforza 210 $aRoma$cRirea$dstampa 2008 215 $aVIII, 120 p.$cill.$d24 cm 300 $aBibl.: p. 117-120 606 0 $aAmministrazione pubblica$xFormazione$xValutazione 606 0 $aEfficacia 606 0 $aEfficienza 676 $a350.0068 700 1$aSFORZA,$bVincenzo$0299240 801 0$aIT$bsalbc$gISBD 912 $a990003385740203316 951 $aP08 2445$bDISTRA 959 $aBK 969 $aDISTRA 979 $aDISTRA2$b90$c20100409$lUSA01$h1317 979 $aPAOLA$b90$c20100409$lUSA01$h1545 996 $aMisurazione dell'efficacia e dell'efficienza dei processi formativi nelle amministrazioni pubbliche$91127237 997 $aUNISA